000 00570cam a22001457a 4500
008 180718b2001 xxu||||| |||| 00| 0 eng d
082 _aT478x54 R299S/P
100 _aStanding Committee on International Financial Standards and Codes.
245 _aReport of the Advisory Group on Securities Market Regulation
_cby Standing Committee on International Financial Standards and Codes
260 _aBombay
_bReserve Bank of India
_c2001
300 _a38p.
500 _aChairman: Deepak S. Parekh
700 _aReserve Bank of India
700 _aParekh, Deepak S. (Chairman)
999 _c490461
_d490461